| 000 | 00753nam a22002057a 4500 | ||
|---|---|---|---|
| 005 | 20100804114334.0 | ||
| 010 | _aENG-98164 | ||
| 020 |
_a9788178129136 _c310.00 |
||
| 035 | _aEN-81697 | ||
| 037 | _bDBAD/PUB | ||
| 082 | _a000 | ||
| 245 |
_aR. Gupta's popular master guide Allahabad bank probationary PO officers : _brecruitment examination / |
||
| 260 |
_aNew Delhi _bRamesh Publishing House _c2010 |
||
| 270 |
_a12-H, New Daryaganj Road, Opp. Traffic Kotwali _bNew Delhi _e110002 |
||
| 300 |
_avarious pagings _c24cm (pbk) |
||
| 650 |
_aCompetetive exams _95813 |
||
| 650 |
_aBank PO _95814 |
||
| 942 |
_2ddc _cEN _h000 _mRGU |
||
| 999 |
_c39146 _d39146 |
||